Efecto de la suplementación proteica sobre la tasa de crecimiento y parámetros digestivos de novillos a pastoreo sobre sorgo granífero diferido /

Guardado en:
Autor Principal: Lagrange, Sebastián.
Autor Corporativo: Universidad Nacional del Sur. Departamento de Agronomía.
Otros Autores: Arelovich, Hugo M.
Formato: Manuscrito
Idioma:Spanish
Publicado: 2009.
Materias:
Etiquetas: Agregar Etiqueta
Sin Etiquetas, Sea el primero en etiquetar este registro!
LEADER 01093ntm a22002415a 4500
001 EEA.libagro009347
005 20160630084922.0
008 100310s2009####ag#ao####bm###000#0#spa#d
100 1 |a Lagrange, Sebastián. 
245 1 0 |a Efecto de la suplementación proteica sobre la tasa de crecimiento y parámetros digestivos de novillos a pastoreo sobre sorgo granífero diferido /  |c Sebastián Lagrange. 
260 |c 2009. 
300 |a 101 h. :  |b il. (principalmente col.) ;  |c 30 cm. 
500 |a Director de tesis: Hugo Arelovich. 
500 |a "Tesis de Magíster en Ciencias Agrarias". 
502 |a Tesis (magíster)--Universidad Nacional del Sur. Departamento de Agronomía, 2009. 
504 |a Incluye referencias bibliográficas (p. 87-101). 
530 |a Disponible también en formato digital. 
650 7 |a Cultivos forrajeros.  |2 unbist 
650 7 |a Pastura y forraje.  |2 unbist 
650 7 |a Sorgo.  |2 unbist 
700 1 |a Arelovich, Hugo M.  |q (Hugo Mario) 
710 2 |a Universidad Nacional del Sur.  |b Departamento de Agronomía. 
859 |a AR-BbBCA  |b BIB. AGRONOMIA  |h 040  |i B148 2009-984  |p 121302/010